000 01865ntm a2200289 a 4500
001 29735
003 BD-RjUL
005 20211209051443.0
008 140407s2011 b a|||| mb|| 00| 0 b d
035 _a(BD-RjUL)29820
040 _aBD-RjUL
_bben
_cBD-RjUL
_dBD-RjUL
041 _aben
082 _221
_a709.540903
_bARP 2011
100 _aআরা, মিরাতুল.
_990544
245 _aপিয়েরা দুরা :
_bমোঘল স্থাপত্য অলঙ্করণে ইউরোপীয় কারুশিল্প /
_cমিরাতুল আরা ;
_6গবেষণা তত্ত্বাবধায়ক: মো. আমিরুল মোমেনীন চৌধুরী.
260 _aরাজশাহী :
_bচারুকলা বিভাগ, রাজশাহী বিশ্ববিদ্যালয়,
_c২০১১.
300 _a[১০], ২৯৫ পাতা :
_bচিত্র ;
_c২৯ সেমি.
502 _aথিসিস (পিএইচ. ডি.) --চারুকলা বিভাগ, রাজশাহী বিশ্ববিদ্যালয়, ২০১১.
504 _aগ্রন্থপঞ্জি : পাতা ২৮০-২৯৫.
505 _aথিসিস (পিএইচ. ডি.) --চারুকলা বিভাগ, রাজশাহী বিশ্ববিদ্যালয়, ২০১১
650 _aস্থাপত্য অলঙ্করণ, মোঘল
_zভারত
_990825
650 _aDecoration and Ornament, Architectural
_zIndia
_990827
651 _aভারত
_x কারুশিল্প
_9244080
651 _aIndia
_xCrafts
_9244081
700 _aচৌধুরী, মো. আমিরুল মোমেনীন , গবেষণা তত্ত্বাবধায়ক
_990550
942 _2ddc
_cTHE
999 _c29735
_d29735